Cluj International Airport Destinations (Cluj-Napoca, Romania) - Map - Statistics

General Stats
  • This quiz has been taken 10 times
  • The average score is 51 of 57
Answers on the Map
Answers color-coded by a green-red scale on the quiz's map according to % correct below.
 
Answer Stats
Destination % Correct
Abu Dhabi
100%
Athens
100%
Barcelona
100%
Bari
100%
Berlin
100%
Bologna
100%
Bucharest (Otopeni)
100%
Copenhagen
100%
Dublin
100%
Istanbul
100%
Istanbul (Sabiha Gökçen)
100%
Lisbon
100%
London (Luton)
100%
London (Stansted)
100%
Lyon
100%
Madrid
100%
Milan (Malpensa)
100%
Munich
100%
Naples
100%
Rome (Fiumicino)
100%
Stockholm (Skavsta)
100%
Stuttgart
100%
Tel Aviv
100%
Vienna
100%
Warsaw (Chopin)
100%
Zürich
100%
Alicante
89%
Antalya
89%
Basel/Mulhouse
89%
Bergamo
89%
Billund
89%
Catania
89%
Eindhoven
89%
Hahn
89%
Larnaca
89%
Leeds/Bradford
89%
Málaga
89%
Nuremberg
89%
Oslo
89%
Palma de Mallorca
89%
Rhodes
89%
Valencia
89%
Beauvais
78%
Charleroi
78%
Dortmund
78%
Heraklion
78%
Malmö
78%
Marrakesh
78%
Olbia
78%
Sharm El Sheikh
78%
Thessaloniki
78%
Zaragoza
78%
Gazipaşa/Alanya
67%
Hurghada
67%
Memmingen
67%
Sandefjord
67%
Castellón
44%
No matching quizzes found
Score Distribution
Percent of People with Each Score
Percentile by Number Answered
Your Score History
You have not taken this quiz